000
00243nam a2200097Ia 4500
003
GCL
008
140319s9999 xx 000 0 ara d
040
_a
GCL /
_c
GCL
082
0
4
_a
4 ؤ orV ؤ R >f ؤ
245
1
0
_a
">> ؤ ذ ذQ
_
ؤ "" ذQ? ؤ F ذQ"
999
_c
27479
_d
27479